कॉम्प्युटर गणकयंत्र. (Record no. 267648)

MARC details
000 -LEADER
fixed length control field 00683nam a2200181Ia 4500
008 - FIXED-LENGTH DATA ELEMENTS--GENERAL INFORMATION
fixed length control field 090630s9999 xx 000 0 und d
082 ## - DEWEY DECIMAL CLASSIFICATION NUMBER
Item number 15792
100 ## - MAIN ENTRY--PERSONAL NAME
Personal name दत्ता दिलीप.
245 ## - TITLE STATEMENT
Title कॉम्प्युटर गणकयंत्र.
Statement of responsibility, etc दत्ता दिलीप.
260 ## - PUBLICATION, DISTRIBUTION, ETC. (IMPRINT)
Name of publisher, distributor, etc अक्षय साहित्य - पुणे.
300 ## - PHYSICAL DESCRIPTION
Extent 0
600 ## - SUBJECT ADDED ENTRY--PERSONAL NAME
Personal name दत्ता दिलीप.
630 ## - SUBJECT ADDED ENTRY--UNIFORM TITLE
Uniform title कॉम्प्युटर गणकयंत्र.
655 ## - INDEX TERM--GENRE/FORM
Genre/form data or focus term बालवाङमय.
700 ## - ADDED ENTRY--PERSONAL NAME
Personal name दत्ता दिलीप.
730 ## - ADDED ENTRY--UNIFORM TITLE
Uniform title कॉम्प्युटर गणकयंत्र.
942 ## - ADDED ENTRY ELEMENTS (KOHA)
Koha item type Book
Holdings
Withdrawn status Lost status Damaged status Not for loan Home library Current library Date acquired Cost, normal purchase price Total Checkouts Full call number Barcode Date last seen Cost, replacement price Price effective from Koha item type
        Sarvajanik Wachanalaya Shrivardhan Sarvajanik Wachanalaya Shrivardhan   12.00   15792 SAWASHRI-15792 06/30/2009 12.00 06/30/2009 Book